| 000 | 00345nam a22001457a 4500 | ||
|---|---|---|---|
| 020 | _a81-7848-222-3 | ||
| 082 |
_a823 _bEDU/W |
||
| 100 | _aR. K. EDUCATIONAL AIDS | ||
| 245 | _aTHE WIZARD OF OZ | ||
| 260 |
_aDELHI _bR. K. EDUCATIONAL AIDS |
||
| 300 | _a16 | ||
| 520 | _aENGLISH SHORT STORY | ||
| 650 |
_aENGLISH SHORT STORY _zDELHI |
||
| 942 | _cBK | ||
| 999 |
_c5381 _d5381 |
||